"Középkorász" konferencia.
Elmentve itt :
| Dokumentumtípus: | Cikk |
|---|---|
| Megjelent: |
1999-06-30
|
| Sorozat: | Délmagyarország
|
| Kulcsszavak: | Konferencia, Szegedi Középkorász Műhely |
| Online Access: | http://univ.bibl.u-szeged.hu/24490 |
| LEADER | 00454nab a2200157 i 4500 | ||
|---|---|---|---|
| 001 | univ24490 | ||
| 005 | 20171214104748.0 | ||
| 008 | 171214s1999 hu o 0|| zxx d | ||
| 040 | |a SZTE UnivHistória Repozitórium |b hun | ||
| 041 | |a zxx | ||
| 245 | 0 | 0 | |a "Középkorász" konferencia. |h [elektronikus dokumentum] |
| 260 | |c 1999-06-30 | ||
| 300 | |a 6 | ||
| 490 | 0 | |a Délmagyarország | |
| 561 | |a Egyetemi hirarchívum | ||
| 695 | |a Konferencia, Szegedi Középkorász Műhely | ||